000 00841nam a2200265 a 4500
001 431
003 BR-CuiBMT
005 20231106202028.0
008 231106b2019 mgb 000 0 por d
020 _a9788545005773
040 _aBR-CuiBMT
_cBR-CuiBMT
080 _22007
_a34:336.22
090 _a34:336.22
_bF676i
100 1 _aFonseca, Fernando Daniel de Moura
245 _aImposto sobre a renda :
_buma proposta de diálogo com a contabilidade /
_cFernando Daniel de Moura Fonseca ; prefácios, Paulo Ayres Barreto, Eliseu Martins.
250 _a1. reimp.
260 _aBelo Horizonte :
_bFórum,
_c2019
300 _a303 p. :
_c21 cm
504 _aInclui bibliografia.
650 _aDireito tributário
650 _aImposto de renda
650 _aProgressividade do imposto
650 _aPrática contábil
942 _2udc
_cLV
999 _c431
_d431